1488 1715 1394 1198 1791 1787 1460 1507 1056 1658 1448 1763 1159 1889 1039 1615 1697 1895 1977 1087 1640 1849 1561 1752 1297 1927 1864 1970 1215 1197 1713 1783 1142 1501 1771 1887 1463 1510 1091 1640 1671 1134 1255 1558 1962 1727 1567 1084 1187 1829 1175 1368 1450 1661 1139 1931 1868 1344 1168 1595 1657 1804 1831 1934 1475 1976 1477 1287 1221 1469 1249 1170 1464 1240 1417 1762 1155 1297 1454 1003 1994 1579 1323 1398 1814 1906 1266 1179 1590 1361 1253 1080 1689 1395 1610 1072 1378 1074 1517 BCNSPRNW ULIB Ver.6.0+V

เปลี่ยนเป็นภาษาไทย

Change to English
 แสดงรายละเอียดบรรณานุกรม
  กลับหน้าหลัก

Brief Record : Get Marc (ISO 2709) : E-mail record : QR code < ปิดหน้าต่าง
LEADER : 00000nam 2200000uu 4500
001    13399114332
003     ULIB
008    120321s2552||||th 000 0 tha d
020    ^a9786165020190
090    ^aนว.^bก831พ 2552
100 0  ^aเก้าแต้ม
245 00 ^aพิศวาสแสงจันทร์/^cเก้าแต้ม
250    ^aพิมพ์ครั้งที่ 1
260    ^aกรุงเทพฯ :^bพิมพ์คำ,^c2552
300    ^a328 หน้า
710 1  ^aพิมพ์คำ
945    ^p230^l0^i16419
995    ^aกัณชพร
999    ^aใช้งานได้ทุกระบบ
รายการนี้ยังไม่มีแท็ก
คุณยังไม่ได้ล็อกอิน คุณสามารถมีกิจกรรมร่วมกับเว็บไซต์ได้ แต่ต้องล็อกอินก่อน ::
  ล็อกอิน

รายการสื่อสารสนเทศ

ลำดับที่ ประเภท เลขเรียก/บาร์โค้ด สถานที่ สถานะ
1. วิทยาศาสตร์การแพทย์ และสุขภาพ
วิทยาศาสตร์การแพทย์ และสุขภาพ
นว. ก831พ 2552  
  Barcode: 16419
ห้องสมุดวิทยาเขตสวรรค์ประชารักษ์
►นวนิยาย
บนชั้น
  ขอยืม

รายการใกล้เคียง
    ผู้แต่ง [เก้าแต้ม]

BibComment


ยังไม่เคยถูกคอมเมนท์

คอมเมนท์ทรัพยากรรายการนี้
  คอมเมนท์: พิศวาสแสงจันทร์ ..


 Copyright 2026. Bcnsprnw @Library